00779nam a2200289 a 45000010005000000030009000050080041000140200015000550400028000700820016000981000016001142450028001302600049001583000015002075000070002226500025002926500026003176500015003436500013003586500016003716500024003876500015004116500015004266500011004416500024004526500013004769957CO-ViMGA141112s2004 ck r 000 u spa d a9582805617 aCO-ViMGAbspacCO-ViMGA04a612.65 J12b1 aJacobo, S.H10aSu bebe semana a semana aSantafé de Bogotá : bIntermedio, c1993 a255p. : il aCómo potenciar y facilitar el desarrollo integral de su bebe. 14aABSTRACCION EMPIRICA14aABSTRACCION REFLEXIVA14aADAPTACION14aAPRENDER14aASIMILACION14aCONOCIMIENTO FISICO14aDESARROLLO14aEQUILIBRIO14aETAPAS14aLA MENTE DE SU BEBE14aREACCION